Signals, Sound and Sensation (Record no. 11128)
[ view plain ]
| 000 -LEADER | |
|---|---|
| fixed length control field | 00572 a2200157 4500 |
| 020 ## - INTERNATIONAL STANDARD BOOK NUMBER | |
| International Standard Book Number | 1563962837 |
| 082 ## - DEWEY DECIMAL CLASSIFICATION NUMBER | |
| Classification number | 152.15 |
| 090 ## - LOCALLY ASSIGNED LC-TYPE CALL NUMBER (OCLC); LOCAL CALL NUMBER (RLIN) | |
| -- | 7325 |
| -- | 7325 |
| 100 ## - MAIN ENTRY--PERSONAL NAME | |
| Personal name | Hartmann, William M. |
| 245 ## - TITLE STATEMENT | |
| Title | Signals, Sound and Sensation |
| Statement of responsibility, etc. | Hartmann, William M. |
| 260 ## - PUBLICATION, DISTRIBUTION, ETC. | |
| Place of publication, distribution, etc. | USA |
| Name of publisher, distributor, etc. | AIP Press |
| Date of publication, distribution, etc. | 1997 |
| 300 ## - PHYSICAL DESCRIPTION | |
| Extent | xvii, 647 p. ; |
| Other physical details | ill. ; |
| Dimensions | 24 cm. |
| 500 ## - GENERAL NOTE | |
| General note | Includes bibliographical references. |
| 650 ## - SUBJECT ADDED ENTRY--TOPICAL TERM | |
| Topical term or geographic name entry element | 1. Auditory perception. 2. Psychoacoustics. 3. Singnal theory (Telecommunication). 4. Fourier analysis. 5. Sound. 6. Sognal processing--Mathematics. |
| 942 ## - ADDED ENTRY ELEMENTS (KOHA) | |
| Koha item type | Book |
| Call number prefix | 152.15 HAR |
| Withdrawn status | Lost status | Damaged status | Not for loan | Permanent Location | Current Location | Total Checkouts | Full call number | Barcode | Date last seen | Date last checked out | Price effective from | Koha item type |
|---|---|---|---|---|---|---|---|---|---|---|---|---|
| Central Library (CL) | Central Library (CL) | 1 | 152.15 HAR | SEECSD00588 | 09/28/2016 | 01/18/2016 | 11/14/2012 | Book |
